[Event "Chigorin Memorial"]
[Site "St Petersburg"]
[Date "2016.10.22"]
[Round "8.94"]
[White "Stukalov, Alexander"]
[Black "Bimiev, Ahmad"]
[Result "1/2-1/2"]
[WhiteElo "2243"]
[BlackElo "2076"]
[PlyCount "306"]
[EventDate "2016.10.15"]
[EventType "swiss"]
[EventRounds "9"]
[EventCountry "RUS"]

1. d4 Nf6 2. c4 e6 3. a3 b6 4. Nc3 d5 5. Nf3 Bb7 6. Bf4 Be7 7. e3 O-O 8. Bd3
dxc4 9. Bxc4 Nbd7 10. O-O c5 11. dxc5 Nxc5 12. Qe2 a6 13. Rfd1 Qe8 14. Ne5 b5
15. Ba2 Rc8 16. h3 Ncd7 17. Rac1 Nxe5 18. Bxe5 Rc5 19. f4 Qa8 20. Bb1 Rfc8 21.
Rc2 Ne4 22. Rd7 Bf8 23. Nxe4 Bxe4 24. Rxc5 Rxc5 25. Bxe4 Qxe4 26. Rd8 Rd5 27.
Rc8 f6 28. Bc3 Kf7 29. Qf3 Qd3 30. Kh2 h5 31. e4 Qxf3 32. gxf3 Rd3 33. Kg2 Bd6
34. e5 Be7 35. Rc7 Ke8 36. Rc6 Kd7 37. Rxa6 fxe5 38. fxe5 g5 39. Ra7+ Ke8 40.
Rb7 Bxa3 41. Rxb5 Be7 42. Ra5 Rd1 43. Ra8+ Kf7 44. Ra7 Kf8 45. Rc7 Rc1 46. Ba5
Ra1 47. Bb6 Rd1 48. Ba5 Ra1 49. Bd2 Rd1 50. Be3 Re1 51. Bd4 Re2+ 52. Kg3 Ke8
53. Rc4 Re1 54. Kf2 Rh1 55. Kg2 Rb1 56. Kg3 Kf7 57. f4 Kg6 58. fxg5 Bxg5 59. b4
Bd2 60. Bc5 Kf5 61. Bd6 Rb3+ 62. Kg2 Bf4 63. h4 Kg4 64. Bc5 Rb2+ 65. Bf2 Kf5
66. Kf3 Rb3+ 67. Ke2 Bxe5 68. Be1 Bf4 69. Bc3 e5 70. Kd3 e4+ 71. Kc2 Ra3 72. b5
Ra2+ 73. Kb3 Ra7 74. b6 Rb7 75. Ba5 e3 76. Ka4 e2 77. Kb5 Be3 78. Rc6 Rd7 79.
Rc2 Rd5+ 80. Kc6 Rxa5 81. Rxe2 Bf4 82. b7 Ra6+ 83. Kc5 Ra5+ 84. Kc6 Ra1 85. Rg2
Ra6+ 86. Kc5 Be3+ 87. Kd5 Rb6 88. Rg7 Bf4 89. Kc5 Rb3 90. Kc6 Rb2 91. Rg8 Rb1
92. Rg7 Kf6 93. Rg8 Rb3 94. Rf8+ Ke5 95. b8=Q+ Rxb8 96. Rxb8 Kf5 97. Rg8 Bd2
98. Rg1 Kf4 99. Kd5 Be3 100. Rg5 Bf2 101. Rxh5 Kg4 102. Rg5+ Kxh4 103. Rg2 Bb6
104. Ke4 Bc7 105. Kf3 Bd6 106. Rg6 Bc7 107. Rc6 Bb8 108. Rg6 Bc7 109. Rg8 Bd6
110. Ke4 Kh3 111. Kf3 Kh2 112. Rg2+ Kh1 113. Kf2 Bh2 114. Rg6 Be5 115. Rg1+ Kh2
116. Rg5 Bd4+ 117. Kf3 Kh1 118. Kg3 Kg1 119. Rf5 Kh1 120. Rd5 Bb6 121. Rd7 Bc5
122. Rd2 Bg1 123. Re2 Bb6 124. Rh2+ Kg1 125. Rb2 Bc7+ 126. Kf3 Kh1 127. Kf2 Bd6
128. Rb3 Bc7 129. Rb1+ Kh2 130. Rb7 Bg3+ 131. Kf3 Bd6 132. Rb3 Bc7 133. Rc3 Bb8
134. Rc2+ Kg1 135. Rc8 Bd6 136. Rg8+ Kh1 137. Rc8 Kg1 138. Rc2 Bb8 139. Rb2 Bd6
140. Rg2+ Kh1 141. Kf2 Bc5+ 142. Kf1 Bd6 143. Rg6 Bb8 144. Kf2 Ba7+ 145. Kf3
Bb8 146. Rg7 Bd6 147. Rb7 Kg1 148. Rg7+ Kh1 149. Rd7 Bb8 150. Kf2 Be5 151. Rh7+
Bh2 152. Kf3 Kg1 153. Rg7+ Kh1 1/2-1/2

[Event "Chigorin Memorial"]
[Site "St Petersburg"]
[Date "2016.10.22"]
[Round "8.95"]
[White "Chernyak, Viktoria"]
[Black "Fukson, Sofija"]
[Result "1-0"]
[WhiteElo "2238"]
[BlackElo "2069"]
[PlyCount "107"]
[EventDate "2016.10.15"]
[EventType "swiss"]
[EventRounds "9"]
[EventCountry "RUS"]

1. Nf3 e6 2. c4 f5 3. g3 Nf6 4. Bg2 d5 5. O-O Be7 6. Nc3 O-O 7. d3 d4 8. Nb5 c5
9. Bf4 Ne8 10. Bxb8 Rxb8 11. Nxa7 Bd7 12. Ne5 Nd6 13. Nxd7 Qxd7 14. Qb3 g5 15.
Qb6 Ra8 16. Nb5 Nxb5 17. Qxb5 Qxb5 18. cxb5 Ra5 19. a4 b6 20. Rfc1 Rd8 21. Bb7
Ra7 22. Bc6 Ra5 23. Rc4 Kf7 24. Kg2 e5 25. h3 h6 26. g4 f4 27. Kf3 Ke6 28. Bb7
Ra7 29. Be4 Ra5 30. b3 Kf7 31. Bf5 Bf8 32. Ke4 Kf6 33. Rh1 Ra7 34. h4 gxh4 35.
Rxh4 Bg7 36. Rc1 Raa8 37. Rch1 Rab8 38. Rh5 Rg8 39. Kd5 Rgd8+ 40. Kc4 Rg8 41.
Ra1 Ra8 42. Be4 Ra5 43. Bd5 Rf8 44. Rah1 Ra7 45. f3 Rc7 46. Be4 Rcc8 47. Ra1
Ke7 48. a5 bxa5 49. Rxa5 Rfd8 50. Ra7+ Kf8 51. Bd5 Rd6 52. Rf7+ Kg8 53. Rc7+
Rxd5 54. Rxc8+ 1-0

[Event "Chigorin Memorial"]
[Site "St Petersburg"]
[Date "2016.10.22"]
[Round "8.96"]
[White "Pryalukhin, Danila"]
[Black "Saidov, Bilukhadzh"]
[Result "0-1"]
[WhiteElo "2019"]
[BlackElo "2230"]
[PlyCount "76"]
[EventDate "2016.10.15"]
[EventType "swiss"]
[EventRounds "9"]
[EventCountry "RUS"]

1. d4 Nf6 2. Bg5 Ne4 3. Bf4 d5 4. e3 e6 5. Bd3 b6 6. c3 Bb7 7. Nf3 Be7 8. Nbd2
g5 9. Be5 f6 10. Bxe4 dxe4 11. Nxg5 fxe5 12. Qh5+ Kd7 13. Ndxe4 Bxe4 14. Nxe4
exd4 15. O-O-O Nc6 16. cxd4 Kc8 17. Nc3 Kb7 18. Kb1 Qf8 19. Qe2 Rd8 20. Rc1
Qf5+ 21. Ka1 Bd6 22. f4 Rhg8 23. g3 Qg4 24. Qc4 Na5 25. Qa4 Qg7 26. Ne4 Qg6 27.
Nc5+ Bxc5 28. dxc5 c6 29. e4 Qg7 30. e5 Qc7 31. Qe4 b5 32. Rhd1 Rd5 33. Re1
Rgd8 34. g4 Nc4 35. b3 Nd2 36. Qc2 Qa5 37. f5 Rd3 38. Kb2 b4 0-1

[Event "Chigorin Memorial"]
[Site "St Petersburg"]
[Date "2016.10.22"]
[Round "8.97"]
[White "Yanko, Ivan"]
[Black "Paramzina, Anastasya"]
[Result "0-1"]
[WhiteElo "2060"]
[BlackElo "2221"]
[PlyCount "52"]
[EventDate "2016.10.15"]
[EventType "swiss"]
[EventRounds "9"]
[EventCountry "RUS"]

1. e4 c5 2. Nf3 d6 3. d4 cxd4 4. Nxd4 Nf6 5. f3 e5 6. Nb3 a5 7. c4 Nxe4 8. fxe4
Qh4+ 9. Kd2 a4 10. Kd3 axb3 11. g3 Qd8 12. Qxb3 d5 13. cxd5 Bc5 14. Nc3 O-O 15.
Bd2 Nc6 16. Ne2 Bd7 17. Rc1 Na5 18. Bxa5 Qxa5 19. Nc3 b5 20. a3 Rfb8 21. Na2 b4
22. Nxb4 Bxb4 23. axb4 Rxb4 24. Qc3 f5 25. Qc5 Rd4+ 26. Ke3 Qd2+ 0-1

[Event "Chigorin Memorial"]
[Site "St Petersburg"]
[Date "2016.10.22"]
[Round "8.98"]
[White "Kolesnikova, Kristina"]
[Black "Obgolts, Erik"]
[Result "1/2-1/2"]
[WhiteElo "2012"]
[BlackElo "2217"]
[PlyCount "69"]
[EventDate "2016.10.15"]
[EventType "swiss"]
[EventRounds "9"]
[EventCountry "RUS"]

1. Nf3 Nf6 2. c4 g6 3. b4 Bg7 4. Bb2 O-O 5. e3 d6 6. d4 c6 7. Be2 a5 8. a3 Bg4
9. O-O Nbd7 10. Nbd2 Qb8 11. h3 Bxf3 12. Nxf3 e6 13. Rb1 axb4 14. axb4 Nb6 15.
Nd2 Na4 16. Ba1 b5 17. Qc2 Rc8 18. Qd3 bxc4 19. Nxc4 Nd5 20. Qd2 Qc7 21. Rfc1
Qd8 22. Na5 Ne7 23. Bf3 d5 24. Bd1 Nb6 25. Bc3 Nf5 26. Qe2 Nd6 27. Be1 Qd7 28.
Bc2 Rc7 29. Bd3 e5 30. dxe5 Bxe5 31. Rc2 Nbc8 32. Rbc1 Na7 33. Nb3 Nab5 34. Na5
Na7 35. Nb3 1/2-1/2

[Event "Chigorin Memorial"]
[Site "St Petersburg"]
[Date "2016.10.22"]
[Round "8.99"]
[White "Aseeva, Anastasia"]
[Black "Lagashin, Pavel"]
[Result "0-1"]
[WhiteElo "1969"]
[BlackElo "2212"]
[PlyCount "82"]
[EventDate "2016.10.15"]
[EventType "swiss"]
[EventRounds "9"]
[EventCountry "RUS"]

1. d4 Nf6 2. Nf3 c5 3. d5 d6 4. Bg5 Ne4 5. Bf4 Bg4 6. Nbd2 Qa5 7. c3 Nxd2 8.
Nxd2 Nd7 9. Qb3 b5 10. e4 Rb8 11. f3 Bh5 12. Be2 h6 13. O-O g5 14. Be3 Bg7 15.
Qc2 Nb6 16. Bd1 Bg6 17. a3 Nxd5 18. Bf2 O-O 19. Nb3 Qc7 20. Qe2 Nf4 21. Qe3 a5
22. Kh1 a4 23. Nd2 c4 24. Bc2 Rfd8 25. g3 Nh3 26. Be1 d5 27. f4 d4 28. Qf3 dxc3
29. bxc3 gxf4 30. gxf4 Nxf4 31. Qxf4 Qxf4 32. Rxf4 Bxc3 33. Rd1 Bh5 34. Rf3
Bxf3+ 35. Nxf3 Rxd1 36. Bxd1 Bxe1 37. Nxe1 b4 38. Nc2 b3 39. Nb4 Rxb4 40. axb4
c3 41. b5 c2 0-1

[Event "Chigorin Memorial"]
[Site "St Petersburg"]
[Date "2016.10.22"]
[Round "8.100"]
[White "Puraev, Artemiy"]
[Black "Malinovsky, Ilya"]
[Result "1-0"]
[WhiteElo "2204"]
[BlackElo "2053"]
[PlyCount "77"]
[EventDate "2016.10.15"]
[EventType "swiss"]
[EventRounds "9"]
[EventCountry "RUS"]

1. Nf3 f5 2. c4 Nf6 3. g3 d6 4. Bg2 e5 5. O-O Be7 6. d4 Nc6 7. Nc3 O-O 8. b3
Qe8 9. Nd5 e4 10. Nxc7 Qd8 11. Nxa8 exf3 12. Bxf3 Bd7 13. b4 Qxa8 14. c5 Qe8
15. a4 Ne4 16. b5 Nxd4 17. Qxd4 Bf6 18. Qd5+ Be6 19. Qxb7 Rf7 20. Qc6 Bd7 21.
Bxe4 fxe4 22. Qxd6 Bxa1 23. c6 Bh3 24. Rd1 Bf6 25. Be3 Bg4 26. Rd2 Rf8 27. a5
Bc3 28. Rc2 Bxa5 29. Bxa7 Qf7 30. c7 Be1 31. Qf4 Qd7 32. Qc1 Bb4 33. b6 e3 34.
b7 Bd2 35. Qa3 Bb4 36. Qb3+ Be6 37. Qd3 Qa4 38. Bxe3 Qa1+ 39. Rc1 1-0

[Event "Chigorin Memorial"]
[Site "St Petersburg"]
[Date "2016.10.22"]
[Round "8.101"]
[White "Tskhadadze, Anna"]
[Black "Reshetnikov, Ruslan"]
[Result "0-1"]
[WhiteElo "1955"]
[BlackElo "2196"]
[PlyCount "138"]
[EventDate "2016.10.15"]
[EventType "swiss"]
[EventRounds "9"]
[EventCountry "RUS"]

1. d4 Nf6 2. Nf3 g6 3. Bg5 Bg7 4. e3 O-O 5. Bd3 d6 6. Nbd2 Nbd7 7. O-O h6 8.
Bh4 Qe8 9. c3 e5 10. dxe5 dxe5 11. Bxf6 Nxf6 12. Bc2 Qe7 13. h3 c5 14. Qb1 Bd7
15. Rd1 Bc6 16. Ne4 Nd5 17. Ng3 Rad8 18. h4 h5 19. Ng5 f6 20. Nf3 f5 21. Ng5 e4
22. Bb3 Kh8 23. Ne2 Be5 24. g3 Kg7 25. Qc2 Bf6 26. Bxd5 Bxd5 27. Nf4 Bg8 28.
Nfh3 Bc4 29. a3 Bd3 30. Qb3 Rd6 31. a4 Rfd8 32. Qa3 c4 33. Rd2 Ra6 34. Qxe7+
Bxe7 35. Nf4 Rdd6 36. Rdd1 Kf8 37. Kg2 Ke8 38. Ngh3 Ra5 39. Ra2 Rda6 40. Rda1
Bc2 41. Rc1 Bd3 42. Rca1 Rd6 43. Rd1 Kf7 44. Ng1 Rda6 45. Rda1 Bc2 46. Rc1 Bb3
47. Raa1 Bxa4 48. Nge2 Bb3 49. Rxa5 Rxa5 50. Nd4 Ra2 51. Rb1 Bf6 52. Nfe2 Ra5
53. Nxb3 cxb3 54. Nc1 Rb5 55. Ne2 Rd5 56. Kf1 a5 57. Ke1 a4 58. Ra1 b5 59. Nd4
Bxd4 60. exd4 Rd6 61. Ke2 Ke6 62. Ke3 Kd5 63. Kf4 Ra6 64. Ke3 Kc4 65. d5 Rd6
66. f3 exf3 67. Kxf3 Rxd5 68. Re1 a3 69. bxa3 b2 0-1

[Event "Chigorin Memorial"]
[Site "St Petersburg"]
[Date "2016.10.22"]
[Round "8.102"]
[White "Kavyev, Ruslan"]
[Black "Zlatin, Alexander"]
[Result "0-1"]
[WhiteElo "1890"]
[BlackElo "2182"]
[PlyCount "104"]
[EventDate "2016.10.15"]
[EventType "swiss"]
[EventRounds "9"]
[EventCountry "RUS"]

1. e4 e5 2. Nf3 Nc6 3. Bb5 a6 4. Ba4 Nf6 5. O-O b5 6. Bb3 Bc5 7. c3 d6 8. h3
Bb6 9. d4 exd4 10. cxd4 O-O 11. Bg5 h6 12. Bh4 g5 13. Qc2 Na5 14. e5 Nxb3 15.
axb3 dxe5 16. dxe5 Nh5 17. Rd1 Qe7 18. Nc3 gxh4 19. Nd5 Qc5 20. Qd2 Bb7 21.
Qxh6 Bxd5 22. Qxh5 Rfd8 23. Nd4 c6 24. Qg5+ Kf8 25. Rac1 Qe7 26. Qh6+ Kg8 27.
Nf5 Qxe5 28. Qg5+ Kf8 29. Re1 Be4 30. Qh6+ Ke8 31. Qxh4 Bxf2+ 32. Qxf2 Kf8 33.
Ng3 Rd4 34. Nxe4 Rxe4 35. Rxe4 Qxe4 36. Qc5+ Kg7 37. Qxc6 Qxc6 38. Rxc6 Rd8 39.
Rxa6 Rd3 40. Rc6 Rxb3 41. Rc2 Kg6 42. Rf2 b4 43. Kf1 f5 44. Ke1 Kg5 45. Kd1 f4
46. Kc2 Re3 47. Kd2 Rb3 48. Kc1 Rd3 49. Kb1 Re3 50. Kc2 Rg3 51. Kd2 Rb3 52. Ke2
Rxb2+ 0-1

[Event "Chigorin Memorial"]
[Site "St Petersburg"]
[Date "2016.10.22"]
[Round "8.103"]
[White "Janiashvili, Irakli"]
[Black "Lepaev, Andrey"]
[Result "1-0"]
[WhiteElo "2171"]
[BlackElo "1935"]
[PlyCount "81"]
[EventDate "2016.10.15"]
[EventType "swiss"]
[EventRounds "9"]
[EventCountry "RUS"]

1. e4 c5 2. Nf3 d6 3. d4 cxd4 4. Nxd4 Nf6 5. Nc3 Nc6 6. Be2 a6 7. O-O e5 8. Nb3
Be7 9. Bg5 Be6 10. Qd2 O-O 11. Rad1 Ne8 12. Be3 Nf6 13. f3 Qc7 14. Nd5 Bxd5 15.
exd5 Nb8 16. c4 b6 17. a4 Qb7 18. a5 Bd8 19. Qb4 Nbd7 20. Qxd6 bxa5 21. Qa3 Rb8
22. Rd3 Qb4 23. Rc1 a4 24. Nd2 Qxb2 25. Qxb2 Rxb2 26. Kf1 Bb6 27. Bxb6 Nxb6 28.
d6 a3 29. c5 Rc8 30. Ke1 a2 31. Ra3 Nfd5 32. Bxa6 Rxc5 33. Rxc5 Rb1+ 34. Kf2
a1=Q 35. Rxa1 Rxa1 36. Rc8+ Nxc8 37. d7 g6 38. dxc8=Q+ Kg7 39. Qc5 Nf6 40. Bc4
Ra8 41. Qxe5 1-0

[Event "Chigorin Memorial"]
[Site "St Petersburg"]
[Date "2016.10.22"]
[Round "8.104"]
[White "Privalov, Igor"]
[Black "Tsvetkov, Andrey"]
[Result "0-1"]
[WhiteElo "2163"]
[BlackElo "1992"]
[PlyCount "82"]
[EventDate "2016.10.15"]
[EventType "swiss"]
[EventRounds "9"]
[EventCountry "RUS"]

1. e4 c5 2. Nf3 d6 3. d4 cxd4 4. Nxd4 Nf6 5. Nc3 a6 6. Be2 e5 7. Nb3 Be7 8. Be3
O-O 9. g4 Be6 10. g5 Nfd7 11. Qd2 Nb6 12. h4 Nc4 13. Bxc4 Bxc4 14. Nd5 Bxd5 15.
Qxd5 Nc6 16. O-O-O Kh8 17. Kb1 f5 18. exf5 Rxf5 19. g6 Qg8 20. Qe4 Qe6 21. h5
h6 22. Qd3 Rc8 23. Qd2 Bf8 24. Nc1 Rd8 25. Bb6 Rc8 26. Ne2 Qc4 27. a3 Rf3 28.
Be3 Ne7 29. b3 Qc6 30. Rh4 d5 31. Rb4 Nf5 32. Rb6 Qc7 33. Re6 d4 34. Bxh6 Nxh6
35. Rc1 Bxa3 36. Rf1 Bb4 37. Qd1 Rc3 38. Nxc3 Bxc3 39. b4 Qc4 40. Rb6 Qc7 41.
Re6 Qd7 0-1

[Event "Chigorin Memorial"]
[Site "St Petersburg"]
[Date "2016.10.22"]
[Round "8.105"]
[White "Maltsevskaya, Aleksandra"]
[Black "Andrijashkin, Deniss"]
[Result "1-0"]
[WhiteElo "2319"]
[BlackElo "1661"]
[PlyCount "105"]
[EventDate "2016.10.15"]
[EventType "swiss"]
[EventRounds "9"]
[EventCountry "RUS"]

1. e4 e5 2. Nf3 Nc6 3. Bb5 a6 4. Ba4 Nf6 5. O-O b5 6. Bb3 Be7 7. Re1 O-O 8. h3
h6 9. c3 d5 10. exd5 Nxd5 11. Nxe5 Nxe5 12. Rxe5 c6 13. Bxd5 cxd5 14. d4 Bd6
15. Re1 Bc7 16. Nd2 Qd6 17. Nf1 g5 18. Qh5 Kg7 19. h4 f6 20. hxg5 hxg5 21. Bxg5
Rh8 22. Bh6+ Rxh6 23. Qe8 Bd8 24. Re3 Rg6 25. Rg3 Rxg3 26. Nxg3 Bg4 27. Re1 Ra7
28. f3 Qxg3 29. fxg4 Qd6 30. Re6 Qd7 31. Qxd7+ Rxd7 32. Rxa6 Kg6 33. Kf2 Kg5
34. Kf3 Kg6 35. Rc6 Be7 36. Rb6 b4 37. cxb4 Rc7 38. a4 Rc4 39. a5 Bxb4 40. a6
Be7 41. a7 Ra4 42. Rb7 Bd6 43. Rd7 Bb4 44. Rb7 Bd6 45. b4 Bxb4 46. Rxb4 Rxa7
47. Rb5 Rd7 48. Rb8 Rd6 49. Rb7 Rd8 50. Re7 Rd6 51. Kf4 Rd8 52. Re6 Kf7 53. Kf5
1-0

[Event "Chigorin Memorial"]
[Site "St Petersburg"]
[Date "2016.10.22"]
[Round "8.106"]
[White "Amina, Battsooj"]
[Black "Hong, Xing"]
[Result "0-1"]
[WhiteElo "2274"]
[BlackElo "2013"]
[PlyCount "152"]
[EventDate "2016.10.15"]
[EventType "swiss"]
[EventRounds "9"]
[EventCountry "RUS"]

1. e4 c5 2. Nf3 d6 3. d4 cxd4 4. Nxd4 Nf6 5. Nc3 a6 6. Be2 e6 7. O-O Be7 8. a4
Nc6 9. Be3 O-O 10. f4 Qc7 11. Kh1 Re8 12. Bf3 Na5 13. Qd3 Nc4 14. Bc1 e5 15.
Nde2 exf4 16. Nxf4 Be6 17. Be2 Rac8 18. Nxe6 fxe6 19. Qh3 Bf8 20. b3 Ne3 21.
Bxe3 Qxc3 22. Bd3 g6 23. Rad1 Bg7 24. Bf4 d5 25. Rf3 dxe4 26. Bxe4 Nxe4 27.
Rxc3 Nf2+ 28. Kg1 Nxh3+ 29. Rxh3 Rxc2 30. Rd7 b5 31. axb5 axb5 32. Rhd3 Bf6 33.
Rb7 e5 34. Be3 Ra8 35. Ra7 Rxa7 36. Bxa7 Rb2 37. Bc5 e4 38. Re3 Bg5 39. Rxe4
Rxb3 40. h4 Bd2 41. Re2 Bf4 42. g4 Rg3+ 43. Rg2 Rxg2+ 44. Kxg2 Bd2 45. Kf2 b4
46. Ke2 Bc3 47. Kd3 Kg7 48. Kc4 Kf6 49. Bd6 Be1 50. Bf4 Ke6 51. h5 Bc3 52. hxg6
hxg6 53. Bg3 Be5 54. Be1 Bd6 55. Bf2 Be7 56. Bd4 Bf8 57. Bb2 Be7 58. Bd4 Bf6
59. Be3 Bc3 60. Bf4 Kf6 61. Kb3 Be5 62. Bd2 Bd6 63. Kc4 Ke5 64. Bc1 Ke4 65. Bd2
Be7 66. Bc1 Bd6 67. Bd2 Kf3 68. g5 Ke2 69. Bc1 Kd1 70. Be3 Kc2 71. Bd4 b3 72.
Kd5 Bb4 73. Ke6 Bc3 74. Bxc3 Kxc3 75. Kf6 b2 76. Kxg6 b1=Q+ 0-1

[Event "Chigorin Memorial"]
[Site "St Petersburg"]
[Date "2016.10.22"]
[Round "8.107"]
[White "Tukaeva, Adelya"]
[Black "Ageichenko, Genadi A"]
[Result "0-1"]
[WhiteElo "2025"]
[BlackElo "2261"]
[PlyCount "112"]
[EventDate "2016.10.15"]
[EventType "swiss"]
[EventRounds "9"]
[EventCountry "RUS"]

1. e4 c5 2. Nf3 d6 3. Bb5+ Bd7 4. Bxd7+ Qxd7 5. c4 e5 6. O-O Nc6 7. Nc3 Nge7 8.
d3 g6 9. Nh4 Bg7 10. f4 exf4 11. Bxf4 O-O 12. Qd2 Nd4 13. Bh6 a6 14. Rae1 f6
15. Bxg7 Kxg7 16. Re3 b5 17. Rh3 Rae8 18. Nd5 Nxd5 19. Nxg6 Rg8 20. Qh6+ Kf7
21. Qxh7+ Rg7 22. Nh8+ Rxh8 23. Qxh8 Qg4 24. Qh5+ Qxh5 25. Rxh5 Nf4 26. Rh8
Nxg2 27. Kf2 Nf4 28. Ke3 Ng6 29. Ra8 Rh7 30. Ra7+ Ne7 31. Rf2 Ke6 32. Rxa6 bxc4
33. dxc4 Nec6 34. b3 Ne5 35. Kd2 Rh3 36. Kd1 Nd3 37. Rg2 Nf4 38. Rf2 Ke5 39.
Ra8 Kxe4 40. Re8+ Kf5 41. Re1 Rd3+ 42. Kc1 Nf3 43. Ref1 Ke4 44. h4 Re3 45. Kd1
f5 46. Rh1 Nh5 47. Kc1 f4 48. Rd1 Nd4 49. Kb2 f3 50. Rfd2 Nf4 51. h5 Nxh5 52.
b4 Nf4 53. b5 Nd3+ 54. Kb1 f2 55. b6 Re1 56. b7 f1=Q 0-1

[Event "Chigorin Memorial"]
[Site "St Petersburg"]
[Date "2016.10.22"]
[Round "8.108"]
[White "Guzenko, Artem"]
[Black "Sapegin, Yaroslav"]
[Result "1-0"]
[WhiteElo "2261"]
[BlackElo "2013"]
[PlyCount "115"]
[EventDate "2016.10.15"]
[EventType "swiss"]
[EventRounds "9"]
[EventCountry "RUS"]

1. e4 e5 2. Nf3 Nc6 3. Bb5 Nf6 4. Qe2 Bc5 5. c3 O-O 6. O-O d6 7. d3 a6 8. Ba4
Bd7 9. Be3 Bxe3 10. fxe3 Qe7 11. Bc2 d5 12. exd5 Nxd5 13. e4 Qc5+ 14. Qf2 Qxf2+
15. Kxf2 Nf4 16. Nbd2 Rad8 17. g3 Ng6 18. Kg2 f6 19. a4 a5 20. Bb3+ Kh8 21.
Rad1 Rfe8 22. Bc4 Nb8 23. b3 Bc6 24. Rfe1 b6 25. Nf1 Nd7 26. Ne3 Nc5 27. Nd5
Rd7 28. b4 Nxa4 29. bxa5 b5 30. Bb3 Ne7 31. Nb4 Ra8 32. Bxa4 bxa4 33. a6 Bb5
34. d4 exd4 35. cxd4 Bxa6 36. d5 h6 37. Ra1 Bb7 38. Nd3 Ra5 39. Rec1 f5 40.
Nfe5 fxe4 41. Nxd7 exd3 42. Rxc7 Bxd5+ 43. Kf2 Bb3 44. Nc5 d2 45. Nxb3 axb3 46.
Rd1 b2 47. Rb7 Nd5 48. Rxd2 Nc3 49. Rd8+ Kh7 50. Rxb2 Ra7 51. Rd4 Re7 52. Kf3
Kg6 53. Rb3 Ne2 54. Rd1 Kf5 55. Rbd3 g5 56. Kf2 Re4 57. R1d2 Nc1 58. Rc3 1-0

[Event "Chigorin Memorial"]
[Site "St Petersburg"]
[Date "2016.10.22"]
[Round "8.109"]
[White "Kaganskiy, Gleb"]
[Black "Sergeeva, Natalia"]
[Result "1/2-1/2"]
[WhiteElo "2226"]
[BlackElo "2013"]
[PlyCount "139"]
[EventDate "2016.10.15"]
[EventType "swiss"]
[EventRounds "9"]
[EventCountry "RUS"]

1. c4 c6 2. e4 d5 3. exd5 cxd5 4. d4 Nf6 5. Nc3 e6 6. Nf3 Bb4 7. cxd5 Nxd5 8.
Bd2 Nc6 9. Bd3 Be7 10. O-O O-O 11. Qe2 Bf6 12. Rfd1 Nce7 13. Ne4 Nf5 14. Nxf6+
Nxf6 15. Bxf5 exf5 16. Bg5 h6 17. Bxf6 Qxf6 18. Rac1 Qd6 19. d5 f4 20. Qe5 Rd8
21. h3 Rb8 22. Rc4 g5 23. Qd4 a6 24. Rc3 f6 25. Rdc1 Bf5 26. Rc7 Rbc8 27. Rxc8
Bxc8 28. Nd2 Bf5 29. Nc4 Qf8 30. d6 Be6 31. Rd1 b5 32. Na5 Rd7 33. Qb6 Qc8 34.
Nc6 Kg7 35. Nb4 f3 36. Re1 Kf7 37. Nxa6 Qd8 38. Qxd8 Rxd8 39. Nc7 Bxa2 40. Nxb5
Bc4 41. Nc3 Rxd6 42. gxf3 Rb6 43. Rb1 Bd3 44. Rd1 Bf5 45. h4 gxh4 46. Rd2 h3
47. Kh2 Be6 48. Ne2 Rb4 49. Kg3 h5 50. Nd4 Bc8 51. f4 Kg6 52. Kh2 Bd7 53. b3 h4
54. Rd1 Kh5 55. f3 Rb6 56. Rc1 Rd6 57. Rc4 Kg6 58. b4 Ra6 59. f5+ Bxf5 60. Nxf5
Kxf5 61. b5 Ra2+ 62. Kxh3 Rb2 63. Rxh4 Kg5 64. Rg4+ Kf5 65. Rh4 Kg5 66. f4+ Kg6
67. Kg3 Rb3+ 68. Kf2 Rxb5 69. Rh3 Rb4 70. Rf3 1/2-1/2

[Event "Chigorin Memorial"]
[Site "St Petersburg"]
[Date "2016.10.22"]
[Round "8.110"]
[White "Zavgorodniaya, Alena"]
[Black "Artamonov, Valery"]
[Result "0-1"]
[WhiteElo "2011"]
[BlackElo "2223"]
[PlyCount "100"]
[EventDate "2016.10.15"]
[EventType "swiss"]
[EventRounds "9"]
[EventCountry "RUS"]

1. e4 g6 2. d4 Bg7 3. Nc3 d6 4. f4 a6 5. Nf3 b5 6. Bd3 c5 7. dxc5 dxc5 8. e5
Bb7 9. Be3 Qc7 10. Be4 Nd7 11. Nd5 Qc8 12. O-O e6 13. Ng5 Nh6 14. f5 Nxf5 15.
Rxf5 gxf5 16. Qh5 Rf8 17. Nxe6 Bxe5 18. Qxf5 Bxd5 19. Bxd5 fxe6 20. Qxe6+ Kd8
21. Bg5+ Bf6 22. Bxa8 Bxg5 23. Rd1 Re8 24. Qb6+ Qc7 25. Qxa6 Ke7 26. Re1+ Kf8
27. Rf1+ Kg7 28. Bf3 Qb6 29. Qa3 Re3 30. Qa8 c4 31. Kh1 Qe6 32. Qa5 Re5 33. Qc3
Nf6 34. h3 Bh4 35. Kh2 Re1 36. Rxe1 Qxe1 37. Bc6 b4 38. Qxe1 Bxe1 39. c3 Bxc3
40. bxc3 bxc3 41. Ba4 Nd5 42. Kg3 Nb4 43. Kf2 c2 44. Bxc2 Nxc2 45. a4 Nb4 46.
Ke3 Nc6 47. g4 Kf6 48. h4 Ke5 49. h5 Kf6 50. Kf4 h6 0-1

[Event "Chigorin Memorial"]
[Site "St Petersburg"]
[Date "2016.10.22"]
[Round "8.111"]
[White "Orlov, Konstantin"]
[Black "Basyrov, Eduard"]
[Result "1-0"]
[WhiteElo "2222"]
[BlackElo "2001"]
[PlyCount "31"]
[EventDate "2016.10.15"]
[EventType "swiss"]
[EventRounds "9"]
[EventCountry "RUS"]

1. Nf3 g6 2. e4 Bg7 3. d4 d6 4. Nc3 c5 5. dxc5 dxc5 6. Qxd8+ Kxd8 7. Bc4 Bxc3+
8. bxc3 e6 9. Bf4 Bd7 10. O-O-O a6 11. Bxb8 Rxb8 12. Ne5 Nf6 13. g4 g5 14. h4
Re8 15. hxg5 Nxe4 16. Nxd7 1-0

[Event "Chigorin Memorial"]
[Site "St Petersburg"]
[Date "2016.10.22"]
[Round "8.112"]
[White "Pavlova, Natalia"]
[Black "Petrov, Dmitri"]
[Result "0-1"]
[WhiteElo "1990"]
[BlackElo "2200"]
[PlyCount "44"]
[EventDate "2016.10.15"]
[EventType "swiss"]
[EventRounds "9"]
[EventCountry "RUS"]

1. Nf3 d5 2. g3 Bg4 3. Bg2 Nd7 4. d4 Ngf6 5. O-O e6 6. b3 Be7 7. Bb2 O-O 8.
Nbd2 c5 9. c4 Rc8 10. Ne5 Bf5 11. Rc1 cxd4 12. Bxd4 Ba3 13. Ndf3 Bxc1 14. Nxd7
Nxd7 15. Qxc1 Be4 16. Qb2 f6 17. Bxa7 b6 18. Nd4 Bxg2 19. Kxg2 Qe7 20. cxd5 Ne5
21. Nb5 Rc5 22. Qa3 Qd7 0-1

[Event "Chigorin Memorial"]
[Site "St Petersburg"]
[Date "2016.10.22"]
[Round "8.113"]
[White "Lingur, Zalina"]
[Black "Rozycki, Bartlomiej"]
[Result "1-0"]
[WhiteElo "1986"]
[BlackElo "2170"]
[PlyCount "27"]
[EventDate "2016.10.15"]
[EventType "swiss"]
[EventRounds "9"]
[EventCountry "RUS"]

1. e4 c6 2. d4 d5 3. Nd2 dxe4 4. Nxe4 Nd7 5. Ng5 Ngf6 6. Bd3 e6 7. N1f3 c5 8.
Ne5 Nxe5 9. dxe5 Nd5 10. Qf3 Qc7 11. Bb5+ Bd7 12. Qxf7+ Kd8 13. Nxe6+ Bxe6 14.
Qe8# 1-0

[Event "Chigorin Memorial"]
[Site "St Petersburg"]
[Date "2016.10.22"]
[Round "8.114"]
[White "Shubin, Alexey"]
[Black "Schetchikov, Vladimir"]
[Result "1/2-1/2"]
[WhiteElo "2141"]
[BlackElo "1967"]
[PlyCount "81"]
[EventDate "2016.10.15"]
[EventType "swiss"]
[EventRounds "9"]
[EventCountry "RUS"]

1. e4 c5 2. Nf3 Nc6 3. d4 cxd4 4. Nxd4 Nf6 5. Nc3 e5 6. Nf5 d5 7. exd5 Bxf5 8.
dxc6 bxc6 9. Qf3 Qd7 10. Bc4 Be7 11. O-O Bxc2 12. Qe2 Bg6 13. Qxe5 O-O 14. Rd1
Qb7 15. Ba6 Qxa6 16. Qxe7 Rfe8 17. Qc5 Qb6 18. Qxb6 axb6 19. Bg5 Ne4 20. Nxe4
Bxe4 21. a3 Bd5 22. Re1 f6 23. Be3 b5 24. Bc5 Kf7 25. f3 Rxe1+ 26. Rxe1 Re8 27.
Rxe8 Kxe8 28. Kf2 Kf7 29. Ke3 Ke6 30. g3 g6 31. h4 h5 32. g4 Bb3 33. gxh5 gxh5
34. Kd4 Bd1 35. f4 f5 36. Ba7 Kd7 37. Kc5 Kc7 38. Bb6+ Kb7 39. Ba5 Bc2 40. Bc3
Bd1 41. Bd4 1/2-1/2

[Event "Chigorin Memorial"]
[Site "St Petersburg"]
[Date "2016.10.22"]
[Round "8.115"]
[White "Nazarova, Anastasia"]
[Black "Zaykov, Sergey"]
[Result "1/2-1/2"]
[WhiteElo "1963"]
[BlackElo "2131"]
[PlyCount "56"]
[EventDate "2016.10.15"]
[EventType "swiss"]
[EventRounds "9"]
[EventCountry "RUS"]

1. e4 c5 2. Nf3 e6 3. d4 cxd4 4. Nxd4 a6 5. c4 Nf6 6. Nc3 d6 7. Be3 Be7 8. Be2
Qc7 9. O-O Nbd7 10. Rc1 b6 11. f3 Bb7 12. Qd2 Rc8 13. Rfd1 O-O 14. b3 Qb8 15.
Bf1 Rfe8 16. Qf2 Bd8 17. Nde2 Bc7 18. g3 Ba8 19. Nd4 Ne5 20. Bg2 h6 21. Qe2
Ned7 22. Nc2 Bb7 23. Kh1 Qa8 24. Qd2 Rcd8 25. Bg1 Nc5 26. Bd4 Ncd7 27. Bg1 Nc5
28. Bd4 Ncd7 1/2-1/2